| 000 | 00424nam a2200157Ia 4500 | ||
|---|---|---|---|
| 001 | 64638 | ||
| 008 | 210420n2017 ii |||gr||||Z||||||465 | ||
| 082 | _a895 | ||
| 245 | 0 |
_aBodo sahitya sabhani jarimin khwndw II _hTextual Documents |
|
| 260 |
_aAssam _bBodo Publication Board _c2017 |
||
| 300 |
_a892 p.: _c22 cm. |
||
| 653 | _aLiteratures of East & Southeast Asia | ||
| 653 | _aBodo | ||
| 653 | _aHistory | ||
| 942 |
_2ddc _cBK |
||
| 999 |
_c65738 _d65738 |
||